Wszystkie miasta w województwie Lubuskim (2023) - Statystyki

Ogólne statystyki
  • Ten quiz został rozwiązany 28 razy
    15 od ostatniego zresetowania
  • Średni wynik to 20 z 44
Statystyki odpowiedzi
Ludność Miasto % Poprawnych
116 436 Gorzów Wielkopolski
92%
139 278 Zielona Góra
92%
9574 Drezdenko
75%
36 327 Nowa Sól
75%
15 798 Gubin
67%
17 704 Kostrzyn nad Odrą
67%
21 035 Świebodzin
67%
23 730 Żagań
67%
35 198 Żary
67%
17 057 Międzyrzecz
58%
16 339 Słubice
58%
9818 Sulęcin
58%
6447 Witnica
58%
4921 Zbąszynek
58%
2674 Cybinka
50%
4071 Jasień
50%
10 679 Krosno Odrzańskie
50%
9186 Skwierzyna
50%
9754 Strzelce Krajeńskie
50%
15 798 Sulechów
50%
3983 Bytom Odrzański
42%
12 971 Lubsko
42%
3915 Ośno Lubuskie
42%
6421 Rzepin
42%
13 166 Wschowa
42%
3837 Babimost
33%
8945 Kożuchów
33%
1990 Lubniewice
33%
4126 Sława
33%
892 Brody
25%
3812 Czerwieńsk
25%
3004 Dobiegniew
25%
2779 Gozdnica
25%
3797 Kargowa
25%
2277 Łęknica
25%
3442 Małomice
25%
2654 Nowe Miasteczko
25%
4804 Nowogród Bobrzański
25%
1732 Otyń
25%
1261 Szlichtyngowa
25%
10 747 Szprotawa
25%
2431 Torzym
25%
2244 Trzciel
25%
3652 Iłowa
17%
Nie znaleziono quizów pasujących do podanych kryteriów
Rozkład punktacji
Procent ludzi z każdym wynikiem
Percentyl według liczby udzielonych odpowiedzi
Twoja historia wyników
Nie rozwiązałeś tego quizu od ostatniego zresetowania